La condena del absuelto y el derecho a un recurso amplio e integral

Bibliographic Details
Main Author: Vargas Ysla, Roger Renato
Format: eBook
Language:Spanish
Published: Lima: Editorial Acadm̌ica Espaǫla, 2019
Subjects:
Online Access:Acceso restringido

MARC

LEADER 00000nam a22000007a 4500
005 20191009001549.0
007 cr|||| |||
008 191009s2019 pe |||||s|||| 00||0 spa d
020 |a 9786139433360 
035 |a 29553 
040 |a vLex 
090 |c 9743  |d 9743 
100 1 |a Vargas Ysla, Roger Renato 
245 1 2 |a La condena del absuelto y el derecho a un recurso amplio e integral  |h [Recurso electrn̤ico] /  |c Roger Renato Vargas Ysla 
256 |a Servicio en ln̕ea 
260 |a Lima:  |b Editorial Acadm̌ica Espaǫla,  |c 2019 
300 |a 1 recurso electrn̤ico 
500 |a La Condena del absuelto, es un tema vigente y relevante toda vez que est ̀de por medio el derecho al recurso; ya que al emitirse la primera condena en el juicio de apelacin̤, dicha declaracin̤ de culpabilidad ya no sera̕ materia de impugnacin̤ a travš de un recurso ordinario que permita la revisin̤ del fallo condenatorio y de la pena, tanto en la declaracin̤ de los hechos como del derecho. Sin embargo, el inciso 2, artc̕ulo 2 del Protocolo Nʻ 7, permite y legitima el uso de la condena del absuelto; verificǹdose una contradiccin̤ entre lo regulado por dicho Protocolo y lo prescrito en el artc̕ulo 14.5 del PIDCP; los dictm̀enes emitidos por el Comit ̌de Derechos Humanos de las Naciones Unidas; y la jurisprudencia de la Corte IDH emitida en el caso Oscar A. Mahomed Vs. Argentina; mx̀ime si estos dos l︢timos organismos internacionales se han pronunciado de manera contraria a lo regulado en el referido Protocolo y han seąlado que la condena del absuelto vulnera el derecho al recurso. Dichos contenidos desarrollados en el presente trabajo, van dirigidos a la comunidad jurd̕ica, dentro de la cual se encuentran comprendidos los estudiantes de derecho, abogados, y magistrados. 
506 1 |a Disponible solo en los productos indicados  |d vLex Global  |d vLex Global (Academic Edition, excluding Law Schools)  |d vLex Global (U.S. Academic Edition, Law Schools)  |d vLex Global (U.S. Academic Edition, excluding Law Schools)  |d vLex Global (Academic Edition, Law Schools) 
650 0 4 |a Derecho Penal  |z Per︢ 
740 0 |a vLex Libros (Servicio en ln̕ea) 
856 4 0 |u http://vlex.com/source/29553  |z Acceso restringido 
942 |c BOOK 
999 0 |a Criminal law